000 00422nam a2200181Ia 4500
008 210210b1941 xxu||||| |||| 00| 0 eng d
041 _aeng
082 _a829/756
100 _aMEREDITH (G)
245 _aOrdeal of Richard Feveral
260 _aLondon
_bJ M Dent and Sons Ltd.
_c1941
650 _aRichard
650 _aOrdeal
650 _aof
650 _aFeveral
690 _aEnglish Fiction
906 _a017355
999 _c137321
_d137321